[Event "Subang Jaya op 12th"]
[Site "Subang Jaya"]
[Date "2024.01.28"]
[Round "7"]
[White "Fernandez, Ethan Reece"]
[Black "R Ashockumar, Kisshore"]
[Result "1-0"]
[WhiteElo "1485"]
[BlackElo "1299"]
[PlyCount "90"]
[EventDate "2024.01.27"]
[EventType "swiss"]
[EventRounds "8"]
[EventCountry "MAS"]
[SourceTitle "CB06_2024"]
[SourceDate "2024.02.07"]
[SourceVersion "1"]
[SourceVersionDate "2024.02.07"]
[SourceQuality "1"]

1. e4 e5 2. Nf3 Nc6 3. Nc3 Bc5 4. Nxe5 Bxf2+ 5. Kxf2 Nxe5 6. d4 Ng6 7. Be2 d6 8. Be3 N8e7 9. h4 Nc6 10. h5 Nge7 11. Rf1 0-0 12. h6 g6 13. Kg1 f5 14. Qd2 d5 15. exd5 Nxd5 16. Nxd5 Qxd5 17. c4 Qa5 18. Qc2 Re8 19. Bf2 Nb4 20. Qd1 c5 21. Bf3 cxd4 22. Qxd4 Qe5 23. Qh4 Qe7 24. Rae1 Qxh4 25. Rxe8+ Kf7 26. Bxh4 Kxe8 27. Re1+ Kf8 28. Be7+ Kf7 29. Bxb4 Be6 30. b3 Kf6 31. Bc3+ Kf7 32. Bxb7 Rd8 33. Kf2 Rd3 34. Rc1 g5 35. c5 g4 36. g3 Ke7 37. Rc2 f4 38. gxf4 Bf5 39. Re2+ Kf7 40. Be5 Rd1 41. Ba6 Rc1 42. Bc4+ Kg6 43. Rd2 Kh5 44. Kg3 Be4 45. Bf7+ Kxh6 1-0